00741nam a2200205 a 450000100060000000300080000600500170001400800410003103500160007203500190008804000420010704100080014908200260015711000220018324502070020526000380041230000250045065000420047570000180051717063BD-RjUL20211209000101.0880808s1953 enk 001 0 eng d aoxf98315150 a(BD-RjUL)17120 aVYScVYSdm.cdOCLdEQOdBD-RjULbeng aeng 221a016.091bBOS 19532 aBodleian Library.12aA summary catalogue of Western manuscripts in the Bodleian Library at Oxford which have not hitherto been catalogued in the quarto series cBodleian Library, Oxford.nVOL. VII :pINDEX / by P. D. Record aOxford :bClarendon Press,c1953. avii, 580p, ; c23cm. 0aManuscriptszGreat BritainvCatalogs.1 aRecord, P. D.